书目信息 |
| 题名: |
碳化钛陶瓷及应用
|
|
| 作者: | 刘阳 , 曾令可 编著 | |
| 分册: | ||
| 出版信息: | 北京 化学工业出版社 2008 |
|
| 页数: | 188页 | |
| 开本: | 21cm | |
| 丛书名: | ||
| 单 册: | ||
| 中图分类: | TQ174.75 | |
| 科图分类: | ||
| 主题词: | 碳化钛--陶瓷--基本知识 , 碳化钛 , 陶瓷 | |
| 电子资源: | ||
| ISBN: | 978-7-122-03109-9 | |
| 000 | 00923nam0 2200265 45 | |
| 001 | 1032965000 | |
| 005 | 20100407100317.71 | |
| 010 | @a978-7-122-03109-9@dCNY32.00 | |
| 100 | @a20100330d2008 em y0chiy50 ea | |
| 101 | 0 | @achi |
| 102 | @aCN@b110000 | |
| 105 | @aa z 000yy | |
| 106 | @ar | |
| 200 | 1 | @a碳化钛陶瓷及应用@ATan Hua Tai Tao Ci Ji Ying Yong@f刘阳,曾令可编著@FLiu Yang, Zeng Ling Ke Bian Zhu |
| 210 | @a北京@c化学工业出版社@d2008 | |
| 215 | @a188页@c图@d21cm | |
| 330 | @a本书介绍了碳化钛粉体的合成方法和碳化钛陶瓷的制备方法,碳化钛在制备复相材料、涂层材料、泡沫陶瓷材料、红外辐射陶瓷材料及金属陶瓷中的应用原理与方法。 | |
| 606 | 0 | @a碳化钛@x陶瓷@x基本知识 |
| 606 | 0 | @a碳化钛 |
| 606 | 0 | @a陶瓷 |
| 690 | @aTQ174.75@v4 | |
| 701 | 0 | @a刘阳@ALiu Yang@f(1963.5~)@4编著 |
| 701 | 0 | @a曾令可@AZeng Ling Ke@f(1944.12~)@4编著 |
| 801 | 0 | @aCN@bTANGWEI@c20100407 |
| 905 | @b0586773-77@dTQ174.75@e34@f5 | |
| 碳化钛陶瓷及应用/刘阳,曾令可编著.-北京:化学工业出版社,2008 |
| 188页:图;21cm |
| ISBN 978-7-122-03109-9:CNY32.00 |
| 本书介绍了碳化钛粉体的合成方法和碳化钛陶瓷的制备方法,碳化钛在制备复相材料、涂层材料、泡沫陶瓷材料、红外辐射陶瓷材料及金属陶瓷中的应用原理与方法。 |
| ● |
| 相关链接 |
|
|
|
|
正题名:碳化钛陶瓷及应用
索取号:TQ174.75/34
 
预约/预借
| 序号 | 登录号 | 条形码 | 馆藏地/架位号 | 状态 | 备注 |
| 1 | 0586773 | 205867739 | 第二样本阅览室/ [索取号:TQ174.75/34] | 在馆 | |
| 2 | 0586774 | 205867748 | 第三借阅区/ [索取号:TQ174.75/34] | 在馆 | |
| 3 | 0586775 | 205867757 | 第三借阅区/ [索取号:TQ174.75/34] | 在馆 | |
| 4 | 0586776 | 205867766 | 第三借阅区/ [索取号:TQ174.75/34] | 在馆 | |
| 5 | 0586777 | 205867775 | 第三借阅区/ [索取号:TQ174.75/34] | 在馆 |